Zlatá kolekce

Hlavní autor: Hapka, Petr, 1944-2014
Další autoři: Müller, Richard, 1961-, Hegerová, Hana, 1931-2021, Horáček, Michal, 1952-, Kocáb, Michael, 1954-
Jazyk: Čeština
Vydáno: Praha : Reader's Digest Výběr, c2002
Témata:
Fyzický popis: 1 zvuková kazeta : analog, Dolby systém + 1 leták (10 x 23 cm)
Zvukové nahrávky
Uloženo v:
LEADER 01673njm a2200397 a 4500
001 000632078
003 CZ BrMZK
005 20021108080007.0
007 ss lsnjlcmpnzu
008 021021s2002 xr pp f cze d
028 0 1 |b Reader's Digest Výběr  |a RDCZMC 021-1 
040 |a BOA001  |b cze 
047 |a pp 
048 |a od  |b vu 
080 |a 785.16  |2 MRF 
080 |a (086.7)  |2 MRF 
080 |a 784.4  |2 MRF 
100 1 |a Hapka, Petr,  |d 1944-2014  |7 jn19981001418  |4 cmp 
245 1 0 |a Zlatá kolekce  |h [zvukový záznam] /  |c Hapka & Horáček.V penziónu Svět. 1 
246 3 0 |a V penziónu Svět 
260 |a Praha :  |b Reader's Digest Výběr,  |c c2002 
300 |a 1 zvuková kazeta :  |b analog, Dolby systém +  |e 1 leták (10 x 23 cm) 
500 |a Vydáno také na kompaktní desce s objednacím číslem RDCZ 021-1-LP 
500 |a Kompilace 
505 0 0 |t V penziónu Svět --  |t Štěstí je krásná věc --  |t Berná mince --  |t Milostný dopis Haně --  |t Stáří --  |t S cizí ženou v cizím pokoji --  |t Rozeznávám --  |t Buřty, pivo, nenávist --  |t Benefice černých koní 
511 0 |a Zpívají: Michael Kocáb; Richard Müller; Hana Hegerová ... [et al.] 
650 0 7 |a populární písně  |7 ph124354  |2 czenas 
655 4 |a populární hudba 
655 4 |a šansony 
700 1 |a Müller, Richard,  |d 1961-  |7 jn20030319007  |4 prf 
700 1 |a Hegerová, Hana,  |d 1931-2021  |7 jn19990209228  |4 sng 
700 1 |a Horáček, Michal,  |d 1952-  |7 jn20000401037  |4 lyr 
700 1 |a Kocáb, Michael,  |d 1954-  |7 jn19990209455  |4 sng 
910 |a BOA001  |b KZ-0010.730,1 
990 |a AV 
996 6 |b 261H011719  |c KZ-0010.730,1  |l MZK  |r Sklad / do 24 hodin  |n 0  |w 000632078  |u 000010  |a 1  |e BOA001  |j MZK50  |s P